000 00376nam a2200145Ia 4500
008 240624s9999 xx 000 0 und d
041 _aeng
082 _a658.8 LEE
100 _aLEE NANCY R
245 _aSOCIAL MARKETING INFLUENCING BEHAVIORS F
250 _a(4th ed.)
260 _c2011
_aLondon
_bSage Publications
300 _axi, : 502 : p. : cm. ; 23
365 _c
_b30
999 _c19798
_d19798